[Event "Regionalliga NW 0405"]
[Site "Bayern"]
[Date "2004.12.12"]
[Round "4.8"]
[White "Werner, Alfred"]
[Black "Christ, Rene"]
[Result "0-1"]
[WhiteElo "1781"]
[BlackElo "1776"]
[PlyCount "62"]
[EventDate "2004.10.24"]
[EventType "team-tourn"]
[EventRounds "9"]
[EventCountry "GER"]
[SourceTitle "EXT 2007"]
[Source "ChessBase"]
[SourceDate "2006.11.23"]
[SourceVersion "1"]
[SourceVersionDate "2006.11.23"]
[SourceQuality "1"]
[WhiteTeam "Coburg"]
[BlackTeam "Sailauf"]
[WhiteTeamCountry "GER"]
[BlackTeamCountry "GER"]

1. f4 d5 2. Nf3 Nf6 3. e3 e6 4. b3 Be7 5. Bb2 Nbd7 6. c4 c6 7. Nc3 0-0 8. cxd5 exd5 9. Be2 Re8 10. 0-0 Nc5 11. Qc2 Bd6 12. Rae1 g6 13. Ba1 Bf8 14. Ne5 d4 15. Nd1 dxe3 16. Nxe3 Nce4 17. Bc4 Be6 18. d4 Bg7 19. Kh1 Rc8 20. f5 Bd5 21. fxg6 hxg6 22. Qd3 Bxc4 23. bxc4 Rxe5 24. Nd5 Nf2+ 25. Kg1 Nxd3 26. Nxf6+ Bxf6 27. dxe5 Qb6+ 28. Kh1 Nf2+ 29. Rxf2 Qxf2 30. Rg1 Bg5 31. e6 Rd8 0-1

[Event "Regionalliga NW 0405"]
[Site "Bayern"]
[Date "2004.11.28"]
[Round "3.7"]
[White "Werner, Alfred"]
[Black "Ersoez, Can Hakki"]
[Result "1/2-1/2"]
[WhiteElo "1781"]
[BlackElo "1923"]
[PlyCount "57"]
[EventDate "2004.10.24"]
[EventType "team-tourn"]
[EventRounds "9"]
[EventCountry "GER"]
[SourceTitle "EXT 2007"]
[Source "ChessBase"]
[SourceDate "2006.11.23"]
[SourceVersion "1"]
[SourceVersionDate "2006.11.23"]
[SourceQuality "1"]
[WhiteTeam "Coburg"]
[BlackTeam "Wuerzburg II"]
[WhiteTeamCountry "GER"]
[BlackTeamCountry "GER"]

1. d3 d6 2. g3 g6 3. Bg2 Bg7 4. e4 c5 5. Nf3 Nc6 6. c3 e5 7. 0-0 Nge7 8. Nh4 0-0 9. f4 exf4 10. Bxf4 Ne5 11. Na3 Bg4 12. Qd2 Qb6 13. h3 Be6 14. Rab1 Bxa2 15. Ra1 Bb3 16. Kh2 N7c6 17. Be3 Rad8 18. Bh6 Bxh6 19. Qxh6 f6 20. c4 a6 21. Rf4 Qc7 22. Rf2 Nxd3 23. Rf3 Nce5 24. Raf1 Qf7 25. Rxf6 Qxf6 26. Rxf6 Rxf6 27. Nf5 Rd7 28. Qg5 Rf8 29. Nh6+ 1/2-1/2

[Event "Regionalliga NW 0304"]
[Site "Bayern"]
[Date "2003.12.14"]
[Round "4.8"]
[White "Werner, Alfred"]
[Black "Popov, Roman"]
[Result "0-1"]
[WhiteElo "1870"]
[BlackElo "1560"]
[PlyCount "106"]
[EventDate "2003.10.12"]
[EventType "team-tourn"]
[EventRounds "9"]
[EventCountry "GER"]
[SourceTitle "EXT 2006"]
[Source "ChessBase"]
[SourceDate "2005.11.24"]
[SourceVersion "1"]
[SourceVersionDate "2005.11.24"]
[SourceQuality "1"]
[WhiteTeam "Coburg"]
[BlackTeam "Hof"]
[WhiteTeamCountry "GER"]
[BlackTeamCountry "GER"]

1. e4 c5 2. Nf3 Nc6 3. b3 d6 4. Bb2 e5 5. Bc4 g6 6. 0-0 Bg7 7. c3 Nf6 8. Re1 0-0 9. d4 exd4 10. cxd4 d5 11. exd5 Nxd5 12. Bxd5 Qxd5 13. Nc3 Qh5 14. d5 Nb4 15. Ne5 Qf5 16. Nb5 Qc2 17. Re2 Qxd1+ 18. Rxd1 Bf5 19. g4 Bxe5 20. gxf5 Bxb2 21. Rxb2 Rad8 22. Nc7 Rd7 23. d6 Rfd8 24. Rbd2 gxf5 25. Nd5 Nxd5 26. Rxd5 Kg7 27. R1d3 f4 28. Kg2 Kf6 29. Kf3 Ke6 30. Kxf4 Rxd6 31. Re5+ Kf6 32. Rf5+ Kg7 33. Rg3+ Rg6 34. Rxc5 Rd2 35. Rc7 Rxf2+ 36. Ke3 Rxh2 37. Rf3 Re6+ 38. Kd4 Rf6 39. Rxf6 Kxf6 40. a4 h5 41. Rxb7 h4 42. Rxa7 h3 43. Ra8 Rh1 44. Rh8 h2 45. Kc5 Rc1+ 46. Kb6 h1Q 47. Rxh1 Rxh1 48. b4 Rh4 49. Kc5 Ke7 50. a5 Kd7 51. b5 Kc7 52. b6+ Kb7 53. Kb5 Rh5+ 0-1

[Event "Regionalliga NW 0304"]
[Site "Bayern"]
[Date "2003.11.23"]
[Round "3.8"]
[White "Mueller, Gerhard1111"]
[Black "Werner, Alfred"]
[Result "1/2-1/2"]
[WhiteElo "1853"]
[BlackElo "1870"]
[PlyCount "57"]
[EventDate "2003.10.12"]
[EventType "team-tourn"]
[EventRounds "9"]
[EventCountry "GER"]
[SourceTitle "EXT 2006"]
[Source "ChessBase"]
[SourceDate "2005.11.24"]
[SourceVersion "1"]
[SourceVersionDate "2005.11.24"]
[SourceQuality "1"]
[WhiteTeam "Koenigshofen"]
[BlackTeam "Coburg"]
[WhiteTeamCountry "GER"]
[BlackTeamCountry "GER"]

1. e4 e5 2. f4 Bc5 3. Nf3 d6 4. c3 Nf6 5. d4 exd4 6. cxd4 Bb6 7. Nc3 0-0 8. Be2 Re8 9. e5 dxe5 10. dxe5 Ng4 11. Qxd8 Rxd8 12. Nd1 Nc6 13. Bd2 Be6 14. h3 Nh6 15. g4 Rd7 16. a3 Bb3 17. Ne3 Rad8 18. g5 Bxe3 19. Bxe3 Nf5 20. Kf2 Nxe3 21. Kxe3 Ne7 22. Rac1 c6 23. Bc4 Nf5+ 24. Kf2 Bxc4 25. Rxc4 Rd3 26. Re1 Nd4 27. Rxd4 R8xd4 28. Nxd4 Rxd4 29. Ke3 1/2-1/2